| 000 | 00584cam a2200181 4500500 | ||
|---|---|---|---|
| 005 | 20260329003725.0 | ||
| 041 | _afre | ||
| 042 | _adc | ||
| 100 | 1 | 0 |
_aManiglier, Patrice _eauthor |
| 245 | 0 | 0 | _aSommes-nous trop bêtes pour comprendre l’intelligence des animaux ? |
| 260 | _c2016. | ||
| 500 | _a75 | ||
| 690 | _aÉthologie | ||
| 690 | _aFrans de Waal | ||
| 690 | _aSinge | ||
| 786 | 0 | _nPhilosophie magazine | 103 | 10 | 2016-10-01 | p. 54-54 | 1951-1787 | |
| 856 | 4 | 1 | _uhttps://shs.cairn.info/magazine-philosophie-magazine-2016-10-page-54?lang=fr&redirect-ssocas=7080 |
| 999 |
_c1827076 _d1827076 |
||